00277nam a2200097Ia 4500008004100000100002700041245004600068260003100114300000800145650002600153190216s9999||||xx |||||||||||||| ||und|| aRobert Louis Stevenson 4aThe Strange Case Of Dr.Jekyil And Mr.Hyde bE J Arnold & Son Ltdc1957 a432 aEnglish Short Stories